Statystyki dla Stadiony Klubów Premier League 2021/22

Kliknij tutaj aby rozwiązać quiz!

Ogólne statystyki

  • Ten quiz został rozwiązany 55 razy
  • Średni wynik to 9 z 20

Statystyki odpowiedzi

KlubStadion% Poprawnych
Manchester UnitedOld Trafford
89%
ArsenalEmirates Stadium
84%
ChelseaStamford Bridge
80%
Manchester CityEtihad Stadium
69%
LiverpoolAnfield Road
56%
Tottenham HotspurTottenham Hotspur Stadium
53%
Aston VillaVilla Park
53%
Leicester CityKing Power Stadium
49%
West Ham UnitedLondon Stadium
44%
Newcastle UnitedSt. James' Park
44%
EvertonGoodison Park
40%
BurnleyTurf Moor
36%
Wolverhampton WanderersMolineux Stadium
29%
BrentfordBrentford Community Stadium
27%
Leeds UnitedElland Road
27%
SouthamptonSt. Mary's Stadium
27%
Norwich CityCarrow Road
24%
WatfordVicarage Road
22%
Crystal PalaceSelhurst Park
20%
BrightonFalmer Stadium
16%

Rozkład punktacji

Percentyl według liczby udzielonych odpowiedzi

Procent ludzi z każdym wynikiem

Twoja historia wyników

Nie rozwiązałeś tego quizu